LEADER 02806nam 2200637Ia 450 001 9911020469003321 005 20200520144314.0 010 $a9786613140685 010 $a9783527633876 010 $a3527633871 010 $a9781283140683 010 $a1283140683 010 $a9783527633852 010 $a3527633855 010 $a9783527633869 010 $a3527633863 035 $a(CKB)2560000000060948 035 $a(EBL)661855 035 $a(OCoLC)707067696 035 $a(SSID)ssj0000466726 035 $a(PQKBManifestationID)12165192 035 $a(PQKBTitleCode)TC0000466726 035 $a(PQKBWorkID)10466567 035 $a(PQKB)10574066 035 $a(MiAaPQ)EBC661855 035 $a(Perlego)1011793 035 $a(EXLCZ)992560000000060948 100 $a20780516d2011 uy 0 101 0 $aeng 135 $aur|n|---||||| 181 $ctxt 182 $cc 183 $acr 200 00$aAdvances in speckle metrology and related techniques /$fedited by Guillermo H. Kaufmann 205 $a4th ed. 210 $aWeinheim $cWiley-VCH Verlag$dc2011 215 $a1 online resource (329 p.) 300 $aDescription based upon print version of record. 311 08$a9783527409570 311 08$a3527409572 320 $aIncludes bibliographical references and index. 327 $aAdvances in Speckle Metrology and Related Techniques; Contents; Preface; List of Contributors; 1 Radial Speckle Interferometry and Applications; 2 Depth-Resolved Displacement Field Measurement; 3 Single-Image Interferogram Demodulation; 4 Phase Evaluation in Temporal Speckle Pattern Interferometry Using Time-Frequency Methods; 5 Optical Vortex Metrology; 6 Speckle Coding for Optical and Digital Data Security Applications; Index 330 $aSpeckle metrology includes various optical techniques that are based on the speckle fields generated by reflection from a rough surface or by transmission through a rough diffuser. These techniques have proven to be very useful in testing different materials in a non-destructive way. They have changed dramatically during the last years due to the development of modern optical components, with faster and more powerful digital computers, and novel data processing approaches. This most up-to-date overview of the topic describes new techniques developed in the field of speckle metrology over t 606 $aSpeckle metrology 606 $aOptical measurements 615 0$aSpeckle metrology. 615 0$aOptical measurements. 676 $a621.36 701 $aKaufmann$b Guillermo H$01842270 801 0$bMiAaPQ 801 1$bMiAaPQ 801 2$bMiAaPQ 906 $aBOOK 912 $a9911020469003321 996 $aAdvances in speckle metrology and related techniques$94422302 997 $aUNINA